|
|
|
|
| LEADER |
00000nam2a2200000 4500 |
| 001 |
130699 |
| 005 |
20231101220247.0 |
| 010 |
|
|
|a 9785769556654
|
| 035 |
|
|
|a (RuTPU)RU\TPU\book\141558
|
| 090 |
|
|
|a 130699
|
| 100 |
|
|
|a 20080206d2009 m y0rusy50 ca
|
| 101 |
0 |
|
|a rus
|
| 102 |
|
|
|a RU
|
| 105 |
|
|
|a a j 001zy
|
| 200 |
0 |
|
|a Т. 2
|
| 210 |
|
|
|d 2009
|
| 215 |
|
|
|a 281 с.
|c ил.
|
| 320 |
|
|
|a Библиогр.: с. 278.
|
| 330 |
|
|
|a Изложены методы анализа цепей с распределенными параметрами на основе решения телеграфных уравнений длинных линий, рассмотрены режимы работы и резонансы в длинных линиях. Даны методы анализа нелинейных резистивных цепей, свойства и применение таких цепей. Обоснованы методы синтеза двухполюсников и четырехполюсников, проанализированы свойства канонических схем Фостера и Кауэра. Изложены методы анализа переходных процессов в линейных цепях с сосредоточенными и распределенными параметрами, рассмотрены свободные и вынужденные процессы в цепях первого и второго порядков, дано понятие об устойчивости линейных цепей. Сформулированы задачи и основные этапы автоматизированного анализа электрических цепей, приведены математические модели и современные пакеты прикладных программ расчета и моделирования электрических цепей на ЭВМ. Для студентов высших учебных заведений.
|
| 461 |
|
1 |
|0 (RuTPU)RU\TPU\book\174719
|y 978-5-7695-5664-7
|t Основы теории цепей
|o в двух томах
|o учебное пособие
|f А. И. Астайкин, А. П. Помазков
|v Т. 2
|d 2009
|s Высшее профессиональное образование. Радиотехника
|
| 606 |
1 |
|
|a Электрические цепи
|2 stltpush
|3 (RuTPU)RU\TPU\subj\27742
|9 51444
|
| 610 |
1 |
|
|a электротехника
|
| 610 |
1 |
|
|a цепи с распределенными параметрами
|
| 610 |
1 |
|
|a нелинейные резистивные цепи
|
| 610 |
1 |
|
|a линейные цепи
|
| 610 |
1 |
|
|a синтез
|
| 610 |
1 |
|
|a системные функции
|
| 610 |
1 |
|
|a нестационарные процессы
|
| 610 |
1 |
|
|a анализ
|
| 610 |
1 |
|
|a автоматизированный анализ
|
| 610 |
1 |
|
|a математические модели
|
| 610 |
1 |
|
|a учебные пособия
|
| 675 |
|
|
|a 621.3.011.7(075.8)
|v 3
|
| 801 |
|
1 |
|a RU
|b 63413507
|c 20080206
|g PSBO
|
| 801 |
|
2 |
|a RU
|b 63413507
|c 20150609
|g PSBO
|
| 900 |
|
|
|a Основы теории цепей
|
| 942 |
|
|
|c BK
|
| 959 |
|
|
|a 12/20080201
|d 5
|e 0
|f ЧЗТЛ:1
|f УФ:4
|
| 959 |
|
|
|a 115/20081202
|d 5
|e 0
|f АНЛ:1
|f ЧЗТЛ:1
|f УФ:3
|
| 959 |
|
|
|a 38/20090320
|d 5
|e 0
|f АНЛ:1
|f ЧЗТЛ:1
|f УФ:3
|